000 00435nam a22001697a 4500
003 UA-OsUOA
001 5305
007 ta
008 20050721b un ||||| |||| 00| 0 ukr d
100 _aМолявчик
700 _aО. С.
942 _cBK
040 _aUA-OsUOA
_cUA-OsUOA
_dUA-OsUOA
245 _aВірджінія Вулф як засновниця літерат. фемінізму.
_bBA Paper
955 _a2
650 7 _2UDC
999 _c291467
_d291467